<?xml version="1.0" encoding="UTF-8"?>
<record
    xmlns:xsi="http://www.w3.org/2001/XMLSchema-instance"
    xsi:schemaLocation="http://www.loc.gov/MARC21/slim http://www.loc.gov/standards/marcxml/schema/MARC21slim.xsd"
    xmlns="http://www.loc.gov/MARC21/slim">

  <leader>01384nam0a22002891  4500</leader>
  <controlfield tag="001">v19\rc\2094632</controlfield>
  <controlfield tag="005">20260406133344.0</controlfield>
  <datafield tag="035" ind1=" " ind2=" ">
    <subfield code="a">(NLR Aleph) 005164693</subfield>
  </datafield>
  <datafield tag="090" ind1=" " ind2=" ">
    <subfield code="a">5017157</subfield>
    <subfield code="c">5017157</subfield>
  </datafield>
  <datafield tag="100" ind1=" " ind2=" ">
    <subfield code="a">20081218d1914    |||y0rusy50      ca</subfield>
  </datafield>
  <datafield tag="101" ind1="0" ind2=" ">
    <subfield code="a">rus</subfield>
    <subfield code="a">ger</subfield>
  </datafield>
  <datafield tag="102" ind1=" " ind2=" ">
    <subfield code="a">RU</subfield>
  </datafield>
  <datafield tag="105" ind1=" " ind2=" ">
    <subfield code="a">y   z   |||a|</subfield>
  </datafield>
  <datafield tag="200" ind1="1" ind2=" ">
    <subfield code="a">&#x41A;&#x43E;&#x440;&#x43E;&#x43B;&#x44C; &#x41A;&#x43B;&#x438;&#x43D;-&#x431;&#x43E;&#x440;&#x43E;&#x434;&#x430;</subfield>
    <subfield code="d">K&#xF6;nig Drosselbart</subfield>
    <subfield code="e">&#x421;&#x43A;&#x430;&#x437;&#x43A;&#x430; &#x434;&#x43B;&#x44F; &#x448;&#x43A;&#x43E;&#x43B;&#x44C;&#x43D;&#x43E;&#x433;&#x43E; &#x442;&#x435;&#x430;&#x442;&#x440;&#x430; &#x432; 2 &#x43A;&#x430;&#x440;&#x442;. &#x432; &#x441;&#x442;&#x438;&#x445;&#x430;&#x445;</subfield>
    <subfield code="e">Nach dem Grimmschen M&#xE4;rchen... eingerichtet und in lustige Verse gesetzt von Ad. F.</subfield>
    <subfield code="e">(&#x41D;&#x430; &#x43D;&#x435;&#x43C;. &#x44F;&#x437;.)</subfield>
    <subfield code="z">ger</subfield>
  </datafield>
  <datafield tag="210" ind1=" " ind2=" ">
    <subfield code="a">&#x421;&#x430;&#x43D;&#x43A;&#x442;-&#x41F;&#x435;&#x442;&#x435;&#x440;&#x431;&#x443;&#x440;&#x433;</subfield>
    <subfield code="c">&#x442;&#x438;&#x43F;. &#x410;.&#x42D;. &#x41A;&#x43E;&#x43B;&#x43B;&#x438;&#x43D;&#x441; (&#x431;. &#x42E;.&#x41D;. &#x42D;&#x440;&#x43B;&#x438;&#x445;)</subfield>
    <subfield code="d">1914</subfield>
  </datafield>
  <datafield tag="215" ind1=" " ind2=" ">
    <subfield code="a">[2], 26 &#x441;.</subfield>
    <subfield code="d">21</subfield>
  </datafield>
  <datafield tag="300" ind1=" " ind2=" ">
    <subfield code="a">&#x410;&#x432;&#x442;. &#x440;&#x430;&#x441;&#x43A;&#x440;&#x44B;&#x442; &#x43F;&#x43E; &#x430;&#x43D;&#x430;&#x43B;&#x43E;&#x433;&#x438;&#x438; &#x441; &#x434;&#x440;&#x443;&#x433;&#x438;&#x43C;&#x438; &#x435;&#x433;&#x43E; &#x43F;&#x440;&#x43E;&#x438;&#x437;&#x432;&#x435;&#x434;&#x435;&#x43D;&#x438;&#x44F;&#x43C;&#x438;</subfield>
  </datafield>
  <datafield tag="510" ind1="0" ind2=" ">
    <subfield code="a">K&#xF6;nig Drosselbart</subfield>
    <subfield code="z">ger</subfield>
  </datafield>
  <datafield tag="700" ind1=" " ind2="1">
    <subfield code="7">ca</subfield>
    <subfield code="8">rus</subfield>
    <subfield code="a">&#x424;&#x435;&#x434;&#x43E;&#x440;&#x43E;&#x432;</subfield>
    <subfield code="b">&#x410;. &#x424;.</subfield>
    <subfield code="c">&#x43F;&#x435;&#x434;&#x430;&#x433;&#x43E;&#x433;, &#x434;&#x440;&#x430;&#x43C;&#x430;&#x442;&#x443;&#x440;&#x433;</subfield>
    <subfield code="f">1864-1928</subfield>
    <subfield code="g">&#x410;&#x434;&#x43E;&#x43B;&#x44C;&#x444; &#x424;&#x435;&#x434;&#x43E;&#x440;&#x43E;&#x432;&#x438;&#x447;</subfield>
    <subfield code="3">RU\NLR\AUTH\770279461</subfield>
    <subfield code="9">2651428</subfield>
  </datafield>
  <datafield tag="702" ind1=" " ind2="1">
    <subfield code="4">570</subfield>
    <subfield code="7">ca</subfield>
    <subfield code="8">rus</subfield>
    <subfield code="a">&#x413;&#x440;&#x438;&#x43C;&#x43C;</subfield>
    <subfield code="b">&#x412;. &#x41A;.</subfield>
    <subfield code="f">1786-1859</subfield>
    <subfield code="g">&#x412;&#x438;&#x43B;&#x44C;&#x433;&#x435;&#x43B;&#x44C;&#x43C; &#x41A;&#x430;&#x440;&#x43B;</subfield>
    <subfield code="3">RU\NLR\AUTH\772018</subfield>
    <subfield code="9">112035</subfield>
  </datafield>
  <datafield tag="702" ind1=" " ind2="1">
    <subfield code="4">570</subfield>
    <subfield code="7">ca</subfield>
    <subfield code="8">rus</subfield>
    <subfield code="a">&#x413;&#x440;&#x438;&#x43C;&#x43C;</subfield>
    <subfield code="b">&#x42F;.</subfield>
    <subfield code="f">1785-1863</subfield>
    <subfield code="g">&#x42F;&#x43A;&#x43E;&#x431;</subfield>
    <subfield code="3">RU\NLR\AUTH\772021</subfield>
    <subfield code="9">112038</subfield>
  </datafield>
  <datafield tag="801" ind1=" " ind2="0">
    <subfield code="a">RU</subfield>
    <subfield code="b">NLR</subfield>
    <subfield code="g">psbo</subfield>
  </datafield>
  <datafield tag="801" ind1=" " ind2="1">
    <subfield code="a">RU</subfield>
    <subfield code="b">ProSoft-M</subfield>
    <subfield code="2">rusmarc</subfield>
  </datafield>
  <datafield tag="852" ind1=" " ind2=" ">
    <subfield code="a">NLR</subfield>
    <subfield code="j">37.53.6.115</subfield>
  </datafield>
  <datafield tag="942" ind1=" " ind2=" ">
    <subfield code="c">BOOK</subfield>
  </datafield>
  <datafield tag="980" ind1=" " ind2=" ">
    <subfield code="a">NB</subfield>
  </datafield>
  <datafield tag="995" ind1=" " ind2=" ">
    <subfield code="5">2013-10-26</subfield>
    <subfield code="b">NLR02</subfield>
    <subfield code="c">NLR02</subfield>
    <subfield code="e">RFS</subfield>
    <subfield code="f">5164693-10</subfield>
    <subfield code="k">37.53.6.115</subfield>
    <subfield code="o">0</subfield>
    <subfield code="r">BOOK</subfield>
    <subfield code="s">37536115_</subfield>
  </datafield>
</record>
